| 000 | 01479nam a22003617a 4500 | ||
|---|---|---|---|
| 999 |
_c29510 _d29481 |
||
| 003 | EG-ScBUE | ||
| 005 | 20210930120156.0 | ||
| 008 | 210927s2021 ua f b 000 0 ara d | ||
| 017 | _a2021/7766 | ||
| 020 | _a9789778587609 | ||
| 040 |
_aEG-ScBUE _bara _erda _cEG-ScBUE _dEG-ScBUE |
||
| 041 | 1 |
_aara _heng |
|
| 082 | 0 | 4 |
_a152.42 _bب ر ن _222 |
| 100 | 1 |
_aبرنيت، دين، _eمؤلف. |
|
| 240 | 1 | 0 |
_aHappy brain. _lArabic |
| 245 | 1 | 2 |
_aالمخ السعيد : _bالعلم الخاص بمصادر السعادة وأسبابها / _cدين برينت، ترجمة عبد الرحمن ح. حمودة. |
| 250 | _aالطبعة الأولى. | ||
| 264 | 1 |
_a[القاهرة] : _bدار عصير الكتب للنشر والتوزيع، _c2021. |
|
| 300 |
_a456 صفحة ؛ _c23 سم |
||
| 336 |
_2rdacontent _aنص _btxt |
||
| 337 |
_2rdamedia _aبدون وسيط _bn |
||
| 338 |
_2rdacarrier _aمجلد _bnc |
||
| 504 | _aيشتمل على إرجاعات ببليوجرافية. | ||
| 541 |
_cDonation; _aعيسى عبد الله. |
||
| 546 | _aالنص باللغة العربية وتم ترجمته من اللغة الإنجليزية. | ||
| 650 | 7 |
_aالسعادة _xعلم نفس. _2BUEsh |
|
| 650 | 7 |
_aالصحة النفسية. _2BUEsh |
|
| 650 | 7 |
_aالإيجابية. _2BUEsh |
|
| 653 | 7 |
_aBUEsh _bHHUUPPSS _cSeptember2021 |
|
| 655 | 7 |
_2BUEsh _vReading book _934232 |
|
| 700 | 1 |
_aحمودة، عبد الرحمن ح.، _eمترجم. |
|
| 942 | _2ddc | ||